GSD Platform 3 (Record no. 2947)
[ view plain ]
| 000 -LEADER | |
|---|---|
| fixed length control field | 00262nam a2200109Ia 4500 |
| 008 - FIXED-LENGTH DATA ELEMENTS--GENERAL INFORMATION | |
| fixed length control field | 200302s9999 xx 000 0 und d |
| 100 ## - MAIN ENTRY--PERSONAL NAME | |
| Personal name | Emily Waugh |
| 245 ## - TITLE STATEMENT | |
| Title | GSD Platform 3 |
| 260 ## - PUBLICATION, DISTRIBUTION, ETC. | |
| Name of publisher, distributor, etc. | Harvard University Graduate School |
| 260 ## - PUBLICATION, DISTRIBUTION, ETC. | |
| Date of publication, distribution, etc. | 2010 |
| 300 ## - PHYSICAL DESCRIPTION | |
| Extent | 351 P., |
| Withdrawn status | Lost status | Damaged status | Not for loan | Permanent Location | Current Location | Date acquired | Cost, normal purchase price | Full call number | Barcode | Date last seen | Price effective from | Koha item type | Source of classification or shelving scheme | Total Checkouts | Date last checked out |
|---|---|---|---|---|---|---|---|---|---|---|---|---|---|---|---|
| BMS College of Architecture, Design and Planning | BMS College of Architecture, Design and Planning | 2020-03-03 | 1411.50 | 709 | CL-UG58411 | 2020-03-03 | 2020-03-03 | UG Books from CL | |||||||
| BMS College of Architecture, Design and Planning | BMS College of Architecture, Design and Planning | 2020-03-10 | 709 | AR-UG1647 | 2020-03-10 | 2020-03-10 | UG Books | 1 | 2020-03-10 |